00756cam a22002051 450000100060000000300080000600500170001400800410003103500190007203500190009104000400011004100080015008200200015810000410017824501360021926000440035530000270039961000840042665100400051027475BD-RjUL20211209051147.0140325t1947 nyub 000 0 eng d a(BD-RjUL)27549 a(OCoLC)1534351 aDLCcOClUdOCoLCdDLCdBD-RjULbeng aeng00a956.9bCRB 19471 aCrum, Bartley Cavanaugh,d1900-1959.10aBehind the silken curtain :ba personal account of Anglo-American diplomacy in Palestine and the Middle East /cby Bartley C. Crum. aNew York :bSimon and Schuster,cc1947. axiv, 297 p. ;c21 cm.20aAnglo-American Committee of Inquiry on Jewish Problems in Palestine and Europe. 0aPalestinexPolitics and government.